| 000 | 02392nas1a22003491i 4500 | ||
|---|---|---|---|
| 001 | RU\NLR\INFOCOMM31\1000053526 | ||
| 005 | 20240726051254.0 | ||
| 035 | _a(NLR Aleph) 002516803 | ||
| 090 |
_a2728470 _c2728470 |
||
| 100 | _a20040429c1974 |||y0rusy50 ca | ||
| 101 | 0 | _arus | |
| 102 | _aRU | ||
| 110 | _azyu||||0|y0 | ||
| 200 | 1 |
_aМатериалы наблюдений на озерах и водохранилищах _eДоп. к Гидрол. ежегоднику _hТ.6 _hВып.0-3 _iБассейн Карского моря _iБассейн р. Обь выше г. Новосибирска _fГл. упр. гидрометеорол. службы при Совете Министров СССР. Сев.-Зап. упр. гидрометеорол. службы |
|
| 210 |
_aНовосибирск _d1974- |
||
| 309 | _aОтпеч. множит. аппаратом | ||
| 311 | _aОбразовалось в результате разделения изд. "Материалы наблюдений на озерах и водохранилищах. Доп. к Гидрол. ежегоднику. Т.6, вып.0/9" (Ш.: П8/803) | ||
| 422 | 1 |
_12001#$aГидрологический ежегодник _tГидрологический ежегодник |
|
| 431 | 1 |
_12001#$aМатериалы наблюдений на озерах и водохранилищах$eДоп. к Гидрол. ежегоднику. Т.6, вып.0/9 _1852##$aNLR$jП8/803 _tМатериалы наблюдений на озерах и водохранилищах |
|
| 712 | 0 | 2 |
_aЗападно-Сибирское управление гидрометеорологической службы _4570 |
| 801 | 1 |
_aRU _bInfoComm _c20040429 |
|
| 801 | 0 |
_aRU _bNLR _gPSBO |
|
| 852 |
_aNLR _jП8/1114 |
||
| 942 | _cSE | ||
| 980 | _aRUSPER | ||